FC Barcelona Squad 2025-2026 - Statistics

General Stats
  • This quiz has been taken 2,175 times
    1,078 since last reset
  • The average score is 22 of 26
Answer Stats
# Position Nation Player % Correct
10 FW Spain Lamine Yamal
99%
8 MF Spain Pedri
97%
11 FW Brazil Raphinha
96%
9 FW Poland Robert Lewandowski
96%
6 MF Spain Gavi
95%
21 MF Netherlands Frenkie de Jong
94%
1 GK Germany Marc-André ter Stegen
93%
14 FW England Marcus Rashford
93%
4 DF Uruguay Ronald Araujo
93%
7 FW Spain Ferran Torres
92%
13 GK Spain Joan García
92%
23 DF France Jules Koundé
92%
5 DF Spain Pau Cubarsí
92%
- Coach Germany Hansi Flick
90%
24 DF Spain Eric García
89%
3 DF Spain Alejandro Balde
88%
2 DF Portugal João Cancelo
88%
16 MF Spain Fermín López
85%
15 DF Denmark Andreas Christensen
84%
20 MF Spain Dani Olmo
78%
18 DF Spain Gerard Martín
76%
22 MF Spain Marc Bernal
76%
25 GK Poland Wojciech Szczęsny
75%
17 MF Spain Marc Casadó
72%
19 FW Sweden Roony Bardghji
63%
27 MF Spain Dro Fernández
45%
No matching quizzes found
Score Distribution
Percent of People with Each Score
Percentile by Number Answered
Your Score History
You have not taken this quiz since the last reset